MONITORING AKTÍVNEHO/PASÍVNEHO STAVU ZINKOVÝCH POVRCHOV

Bibliographic Details
Main Authors: Jerolitsch, David (Author), Halama, Maroš, 1980- (Author)
Format: Article
Language:Slovak
ISBN:9788055309125

MARC

LEADER 00000naa a2200000uu 4500
001 vtls010944041
003 SK-MaSNL
005 20260302121529.0
008 210909|2012 xo |||||||||||||||||slo|
015 |a SNBRA 
035 |a (urnnbn)urn:nbn:sk:snk:ar-a0be5a 
035 |a (uuid)78d3e4b8-8d38-4978-9c52-545aafd8fdbb 
035 |a urn:nbn:sk:snk-aau6ct 
040 |a SNKBUCL  |b slo  |c SNKBUCL  |e AACR2 
041 0 |a slo 
044 |a xo  |c SK 
100 1 |a Jerolitsch, David  |4 aut  |9 803668 
245 1 0 |a MONITORING AKTÍVNEHO/PASÍVNEHO STAVU ZINKOVÝCH POVRCHOV  |c David Jerolitsch, Maroš Halama 
246 3 |a MONITORING OF ACTIVE/PASSIVE STATE OF ZINC SURFACES 
700 1 |a Halama, Maroš,  |d 1980-  |4 aut  |9 178202 
773 0 |t Korózia v energetike 2012  |d Košice : Technická univerzita, Hutnícka fakulta, 2012  |g S. 65-70  |z 9788055309125 
958 |a OND 
958 |a article11 
958 |a chapter 
999 |c 1274413  |d 1276343